书目信息 |
| 题名: |
经籍纂诂
|
|
| 作者: | 阮元 编 | |
| 分册: | 上 | |
| 出版信息: | 成都 成都古籍书店 1982.03 |
|
| 页数: | 510页 | |
| 开本: | 20cm | |
| 丛书名: | ||
| 单 册: | ||
| 中图分类: | H317.7 , H131.7 | |
| 科图分类: | ||
| 主题词: | 汉语--语义 , 汉语--语义学 , 汉语--词汇 , 训诂 | |
| 电子资源: | ||
| ISBN: | ||
| 000 | 00646nam0 2200241 450 | |
| 001 | 1635346011 | |
| 005 | 20160919101627.62 | |
| 010 | @dCNY32.50 | |
| 100 | @a20160919d1982 km y0chiy0120 ea | |
| 101 | 0 | @achi |
| 102 | @aCN@b510000 | |
| 200 | 1 | @a经籍纂诂@Ajing ji zuan gu@h上@f(清)阮元编@F(qing)ruan yuan bian |
| 210 | @a成都@c成都古籍书店@d1982.03 | |
| 215 | @a510页@d20cm | |
| 606 | 0 | @a汉语@x语义 |
| 606 | 0 | @a汉语@x语义学 |
| 606 | 0 | @a汉语@x词汇 |
| 606 | 0 | @a训诂 |
| 690 | @aH317.7@v4 | |
| 690 | @aH131.7@v4 | |
| 701 | 0 | @a阮元@Aruan yuan@4编 |
| 801 | 0 | @aCN@b大连网信软件有限公司图书馆·11@c20160919 |
| 905 | @aZUCC@dH131.7@eR905:1 | |
| 经籍纂诂.上/(清)阮元编.-成都:成都古籍书店,1982.03 |
| 510页;20cm |
| ISBN :CNY32.50 |
| ● |
| 相关链接 |
|
|
|
正题名:经籍纂诂
索取号:H131.7/R905:1
 
预约/预借
| 序号 | 登录号 | 条形码 | 馆藏地/架位号 | 状态 | 备注 |
| 1 | 1238630 | 212386309 | 语言库209/209语言库 71排3列2层/ [索取号:H131.7/R905:1] | 在馆 |